FIFA World Cup- Team Canada Opponents - Statistics

General Stats
  • This quiz has been taken 3 times
  • The average score is 6 of 9
Answer Stats
Year Stage Result Opponent % Correct
2026 Group Stage TBD Bosnia and Herzegovina
100%
2022 Group Stage 1-4 Croatia
100%
2022 Group Stage 1-2 Morocco
100%
2026 Group Stage TBD Switzerland
100%
2022 Group Stage 0-1 Belgium
67%
1986 Group Stage 0-1 France
67%
2026 Group Stage TBD Qatar
67%
1986 Group Stage 0-2 Hungary
33%
1986 Group Stage 0-2 Soviet Union
0%
No matching quizzes found
Score Distribution
Percent of People with Each Score
Percentile by Number Answered
Your Score History
You have not taken this quiz